| 000 | 01009cam a2200253 a 4500 | ||
|---|---|---|---|
| 003 | CO-ViMGA | ||
| 005 | 20230915233133.0 | ||
| 008 | 150609s2015 ck r 000 f spa d | ||
| 020 | _a9789586653572 | ||
| 040 |
_aCO-ViMGA _bspa _cCO-ViMGA |
||
| 041 | 1 | _heng | |
| 043 | _ae-it--- | ||
| 082 | 0 | 4 |
_a741.5973 _bL31l |
| 245 | 1 | 0 |
_aLos libros en the New Yorker _bla literatura en viñetas _cseleccion y traduccion de Miguel Aguayo |
| 250 | _aEdicion especial para El Ministerio de Cultura, Biblioteca Nacional de Colombia | ||
| 260 |
_aBogotá _bSiglo del Hombre Editores _c2015 |
||
| 300 |
_a218 pg̀inas _c20 cm |
||
| 610 | 1 | 0 |
_aThe New Yorker (Periodico) _xCaricaturas, satiras, etc. _vColecciones _924236 |
| 650 | 1 | 4 |
_aHumorismo grafico _2LEMB _zEstados Unidos _942402 |
| 650 | 1 | 4 |
_aPeriodicos estadounidenses _2LEMB _xCaricaturas, satiras, etc. _924263 |
| 650 | 1 | 4 |
_aTiras comicas, historietas, etc. _2LEMB _zEstados Unidos _942403 |
| 700 | 1 | 0 |
_aAguayo, Miguel _ecompilador _942404 |
| 942 |
_2ddc _cBK |
||
| 999 |
_c4085 _d4085 |
||